书目信息 |
| 题名: |
化工工艺算图手册
|
|
| 作者: | 刘光启 , 马连湘 主编 | |
| 分册: | ||
| 出版信息: | 北京 化学工业出版社 2002.10 |
|
| 页数: | 877页 | |
| 开本: | 29cm | |
| 丛书名: | ||
| 单 册: | ||
| 中图分类: | TQ015.3-62 | |
| 科图分类: | ||
| 主题词: | 化学工业--基础理论 | |
| 电子资源: | ||
| ISBN: | 7-5025-3862-3 | |
| 000 | 00650nam0 2200205 45 | |
| 001 | 0335045333 | |
| 005 | 2003042609440521 | |
| 010 | @a7-5025-3862-3@dRMB 118.00 | |
| 100 | @a20030426d2002 km y0chiy0120 ea | |
| 101 | 0 | @achi |
| 102 | @aCN@b110000 | |
| 200 | 1 | @a化工工艺算图手册@AHua Gong Gong Yi Suan Tu Shou Ce@f刘光启,马连湘主编@Fliu guang qi,ma lian xiang zhu bian |
| 210 | @a北京@c化学工业出版社@d2002.10 | |
| 215 | @a877页@d29cm | |
| 606 | 0 | @a化学工业@x基础理论 |
| 690 | @aTQ015.3-62@v4 | |
| 701 | 0 | @a刘光启@Aliu guang qi@4主编 |
| 701 | 0 | @a马连湘@Ama lian xiang@4主编 |
| 801 | 0 | @aCN@bPFT@c20030426 |
| 905 | @a平顶山工学院@dTQ015.3-62@eL610 | |
| 化工工艺算图手册/刘光启,马连湘主编.-北京:化学工业出版社,2002.10 |
| 877页;29cm |
| ISBN 7-5025-3862-3:RMB 118.00 |
| ● |
| 相关链接 |
|
|
|
正题名:化工工艺算图手册
索取号:TQ015.3-62/L610
 
预约/预借
| 序号 | 登录号 | 条形码 | 馆藏地/架位号 | 状态 | 备注 |
| 1 | 366110 | 203661108 | 材料与化工学院资料室/ [索取号:TQ015.3-62/L610] | 在馆 | |
| 2 | 366688 | 203666880 | 自科库501/501自科库 137排2列6层/ [索取号:TQ015.3-62/L610] | 在馆 |